<?xml version="1.0" encoding="UTF-8"?>
<marc:record xmlns:marc="http://www.loc.gov/MARC21/slim">
   <marc:leader>00000nam a2200000 a 4500</marc:leader>
   <marc:datafield ind1="1" ind2=" " tag="100">
      <marc:subfield code="a">Arensmeier, Jasmin</marc:subfield>
      <marc:subfield code="4">aut</marc:subfield>
      <marc:subfield code="e">Verfasser/-in</marc:subfield>
   </marc:datafield>
   <marc:datafield ind1=" " ind2=" " tag="653">
      <marc:subfield code="a">Achtsamkeit</marc:subfield>
   </marc:datafield>
   <marc:datafield ind1=" " ind2=" " tag="653">
      <marc:subfield code="a">tea&amp;twigs</marc:subfield>
   </marc:datafield>
   <marc:datafield ind1=" " ind2=" " tag="653">
      <marc:subfield code="a">Bullet Journal</marc:subfield>
   </marc:datafield>
   <marc:datafield ind1=" " ind2=" " tag="653">
      <marc:subfield code="a">Selfcare</marc:subfield>
   </marc:datafield>
   <marc:datafield ind1=" " ind2=" " tag="653">
      <marc:subfield code="a">Hygge</marc:subfield>
   </marc:datafield>
   <marc:datafield ind1=" " ind2=" " tag="653">
      <marc:subfield code="a">Gelassenheit</marc:subfield>
   </marc:datafield>
   <marc:datafield ind1=" " ind2=" " tag="653">
      <marc:subfield code="a">Aufräumen</marc:subfield>
   </marc:datafield>
   <marc:datafield ind1=" " ind2=" " tag="653">
      <marc:subfield code="a">Slow living</marc:subfield>
   </marc:datafield>
   <marc:datafield ind1=" " ind2=" " tag="653">
      <marc:subfield code="a">Entspannung &amp; Meditation</marc:subfield>
   </marc:datafield>
   <marc:datafield ind1=" " ind2=" " tag="653">
      <marc:subfield code="a">Meal Prep</marc:subfield>
   </marc:datafield>
   <marc:datafield ind1=" " ind2=" " tag="653">
      <marc:subfield code="a">Softcover / Ratgeber/Lebenshilfe</marc:subfield>
   </marc:datafield>
   <marc:datafield ind1=" " ind2=" " tag="653">
      <marc:subfield code="a">Alltag/Lebensführung</marc:subfield>
   </marc:datafield>
   <marc:datafield ind1=" " ind2=" " tag="653">
      <marc:subfield code="a">Persönliche Entwicklung</marc:subfield>
   </marc:datafield>
   <marc:datafield ind1=" " ind2=" " tag="653">
      <marc:subfield code="a">Ratgeber</marc:subfield>
   </marc:datafield>
   <marc:datafield ind1="0" ind2="0" tag="245">
      <marc:subfield code="a">Jeden Tag ein bisschen glücklicher</marc:subfield>
   </marc:datafield>
   <marc:datafield ind1="0" ind2="0" tag="245">
      <marc:subfield code="b">ein Inspirationsbuch</marc:subfield>
   </marc:datafield>
   <marc:datafield ind1="0" ind2="0" tag="245">
      <marc:subfield code="c">Jasmin Arensmeier</marc:subfield>
   </marc:datafield>
   <marc:datafield ind1=" " ind2="1" tag="264">
      <marc:subfield code="a">München</marc:subfield>
      <marc:subfield code="b">Südwest</marc:subfield>
      <marc:subfield code="c">2020</marc:subfield>
   </marc:datafield>
   <marc:datafield ind1=" " ind2=" " tag="250">
      <marc:subfield code="a">1. Auflage</marc:subfield>
   </marc:datafield>
   <marc:datafield ind1="1" ind2=" " tag="520">
      <marc:subfield code="a">Angaben aus der Verlagsmeldung

Jeden Tag ein bisschen glücklicher : Ein Inspirationsbuch - Mehr Achtsamkeit im Alltag / von Jasmin Arensmeier

Inspiration für alle Sinnsucher

Selfcare ist nicht immer ein langes Schaumbad. Slow living muss nicht langsam sein. Und Minimalismus ist auch etwas für Leute mit vollem Kleiderschrank.

Jasmin Arensmeier denkt in ihrem dritten Buch mit erfrischender Leichtigkeit über die aktuellsten Lifestyle-Themen und Trends unserer Zeit nach. Sie erzählt inspirierende Geschichten aus ihrem Lebens- und Arbeitsalltag und stellt praktische Lösungsansätze verschiedener Experten vor.

Ausgehend von einer Bestandsaufnahme und dem Blick auf und in sich selbst, führt sie systematisch durch unterschiedliche Lebensbereiche wie Ernährung, Arbeit, Zuhause oder Familie. Sie bietet in allen Kapiteln Anregungen zum Nach- und Challenges zum Mitmachen an und liefert allen Fans der Bullet-Planer-Methode wieder zahlreiche passende Journaling Prompts und liebevoll gestaltete Vorlagen.

Ein Buch, das hilft, eine gesunde Aufmerksamkeit für sich und sein Umfeld zu entwickeln und jenseits allen Hypes entspannt seine individuelle Werkzeugkiste mit Mitteln für ein glückliches Leben zusammenzustellen. Eine undogmatische Orientierungshilfe, wie wir in Kopf, Körper und Leben Ordnung schaffen und damit jeden Tag ein bisschen aufgeräumter und gelassener werden können.

Ausstattung: ca. 100 Farbfotos

</marc:subfield>
   </marc:datafield>
   <marc:datafield ind1=" " ind2=" " tag="020">
      <marc:subfield code="a">9783517099309</marc:subfield>
      <marc:subfield code="9">9783517099309</marc:subfield>
   </marc:datafield>
   <marc:datafield ind1=" " ind2=" " tag="020">
      <marc:subfield code="a">3517099309</marc:subfield>
      <marc:subfield code="9">3517099309</marc:subfield>
   </marc:datafield>
   <marc:datafield ind1=" " ind2=" " tag="041">
      <marc:subfield code="a">ger</marc:subfield>
   </marc:datafield>
   <marc:datafield ind1=" " ind2=" " tag="300">
      <marc:subfield code="a">238 Seiten</marc:subfield>
   </marc:datafield>
</marc:record>
